Administrative secrecy in developed countries

Bibliographic Details
Main Author: Rowat, Donald C. (Author)
Format: Book
Published: London : Macmillan , c1979
Subjects:

MARC

LEADER 00000cam a2200000 7i4500
001 0000009078
005 20021119093000.0
008 021119n
090 0 0 |a JC597   |b .A35 1979 
245 0 0 |a Administrative secrecy in developed countries   |f edited by Donald C. Rowat 
260 2 |a London :   |b Macmillan ,   |c c1979 
300 |a 364 p. ; ;   |c 21 cm. 
650 0 |a Official secrects 
700 0 |a Rowat, Donald C. ,   |e author 
999 |a 1000030096   |b Book   |c OPEN SHELF (30 DAYS)   |e Gong Badak Campus